Mi yu da tiao zhan (Chinese)
| Format: | Book |
|---|---|
| Published: |
KL :
Novum Organum Publishing House ,
[s.n]
|
| Series: | Fun qing song kou dai shu ; 1
|
| Subjects: |
MARC
| LEADER | 00000cam a2200000 7i4500 | ||
|---|---|---|---|
| 001 | 0000030941 | ||
| 005 | 20110420.0 | ||
| 008 | 110420 | ||
| 020 | |a 9861932583 | ||
| 090 | 0 | 0 | |a 398.6 |b MIY |
| 245 | 1 | 0 | |a Mi yu da tiao zhan (Chinese) |c [bian zhu, Shi yi bian ji bu] |
| 260 | |a KL : |b Novum Organum Publishing House , |c [s.n] | ||
| 440 | |a Fun qing song kou dai shu ; 1 | ||
| 650 | 0 | |a Riddles |x Juvenile literature | |
| 999 | |a 0001039310 |b Book |c Chinese Collection |e Perbadanan Perpustakaan Awam Johor | ||